000 01224nam a2200277Ia 4500
003 Ost
005 20260507075416.0
008 260507s9999||||xx |||||||||||||| ||und||
020 _a50709599579
040 _cfsecg
041 _aara
082 _a330
100 _aالاسدي، سلام جعفر
_eمؤلف
245 0 _aالبيئة و التنمية السياحية /
_c سلام جعفر الاسدي
260 _aعمان:
_bدار الايام,
_c2014
300 _a201 صفحة؛
_bإيضاحات ؛
_c25 سم
504 _aالمراجع ص.191
520 _aيضم البيئة والتلوث والملوثات البيئية، أساسيات السياحة، السياحة الدينية في كربلاء المقدسة، التنمية السياحية ، التنمية السياحية المستدامة، التحديات التى تواجه التنمية السياحية.
653 _aالبيئة
653 _aالتنمية البيئية
653 _aالتنمية المستدامة
653 _aتنمية السياحة
700 _aالبطاط، علي
_eمؤلف ثانوي
700 _aزين الدين، كاظم أحمد
_eمؤلف ثانوي
942 _cكتاب
999 _c44447
_d44447